Sociální situace v Česku pohledem zprávy Caritas Cares

Súčasná sociálna situácia v oblasti chudoby a sociálneho vylúčenia. Správa Caritas Cares 2015 a výsledky všetkých európskych štátov sú zverejnené v tejto správe, ktorá bola vydaná v marci 2016. Dianie v sociálnej politike na národnej i celoeurópskej úrovni.

Na minha lista:
Detalhes bibliográficos
Autor principal: Benešová, Lucie
Outros Autores: Kuchyňková, Iva
Formato: Capítulo de Livro
Idioma:tcheco
Assuntos:
Tags: Adicionar Tag
Sem tags, seja o primeiro a adicionar uma tag!

MARC

LEADER 00000naa a2200000 4500
001 0219404
005 20221019173819.9
041 0 |a cze 
044 |a CZ 
245 1 0 |a Sociální situace v Česku pohledem zprávy Caritas Cares  |c Lucie Benešová, Iva Kuchyňková 
520 |a Súčasná sociálna situácia v oblasti chudoby a sociálneho vylúčenia. Správa Caritas Cares 2015 a výsledky všetkých európskych štátov sú zverejnené v tejto správe, ktorá bola vydaná v marci 2016. Dianie v sociálnej politike na národnej i celoeurópskej úrovni. 
610 2 0 |a politika sociálna 
610 2 0 |a situácia sociálna 
610 2 0 |a problémy spoločenské 
610 2 0 |a informácie sociálno-ekonomické 
610 2 0 |a dôsledky sociálne 
610 2 0 |a analýza sociálna 
610 2 0 |a vylúčenie sociálne 
610 2 0 |a prevencia sociálna 
100 1 |a Benešová, Lucie 
700 1 |a Kuchyňková, Iva